000
00312nam a2200133Ia 4500
008
240624s9999 xx 000 0 und d
041
_a
eng
082
_a
828 GRA
100
_a
GRANT ADAM
245
_a
GIVE AND TAKE
260
_c
2014
_a
New Delhi
_b
Hachette India
300
_a
366 , p. , 21 : cm.
365
_c
RS
999
_c
29355
_d
29355